[Event "31. Open de San Sebastian"]
[Site "San Sebastián ESP"]
[Date "2008.03.21"]
[Round "7.17"]
[White "Martin Alvarez, Inigo"]
[Black "Osa Astrain, Ricardo"]
[Result "1-0"]
[WhiteElo "2189"]
[BlackElo "1950"]
[PlyCount "119"]
[EventDate "2008.03.16"]
[EventType "swiss"]
[EventRounds "9"]
[EventCountry "ESP"]
[Source "lmi"]
[SourceDate "2008.03.16"]

1. e4 e6 2. d4 d5 3. e5 c5 4. Nf3 cxd4 5. Bd3 g6 6. Bf4 Nc6 7. a3 Bh6 8. Qd2
Bxf4 9. Qxf4 f6 10. Qg3 Qe7 11. Nbd2 fxe5 12. Nxe5 Nxe5 13. Qxe5 Qf6 14. Qxf6
Nxf6 15. Nf3 a6 16. O-O O-O 17. Rfe1 Bd7 18. Nxd4 Rae8 19. Nf3 Bc8 20. Ne5 Nd7
21. c4 Nxe5 22. Rxe5 dxc4 23. Bxc4 Rf5 24. Re4 Kf7 25. Rae1 b5 26. Bb3 Rc5 27.
Rh4 Kg7 28. Rd4 Kf6 29. Rf4+ Rf5 30. Rfe4 Rh5 31. a4 Re7 32. Rd4 Bd7 33. a5 Rc5
34. Rd6 Rc6 35. Red1 Rxd6 36. Rxd6 Bc8 37. h4 Kf5 38. Rc6 Bb7 39. Rb6 Kf6 40.
Bxe6 Rxe6 41. Rxb7 h5 42. Rb6 Ke5 43. Rxe6+ Kxe6 44. f3 Ke5 45. Kf2 Kd4 46. g4
b4 47. gxh5 gxh5 48. Ke2 Ke5 49. Ke3 Kf5 50. b3 Ke5 51. f4+ Kf5 52. Kf3 Kf6 53.
Ke4 Ke6 54. f5+ Kf6 55. Kf4 Kf7 56. Kg5 Kg7 57. f6+ Kf7 58. Kf5 Kg8 59. Ke6 Kf8
60. f7 1-0

[Event "31. Open de San Sebastian"]
[Site "San Sebastián ESP"]
[Date "2008.03.21"]
[Round "7.18"]
[White "Juez Villar, Erik"]
[Black "Perez Calahorra, Ricardo"]
[Result "0-1"]
[WhiteElo "1897"]
[BlackElo "2134"]
[PlyCount "172"]
[EventDate "2008.03.16"]
[EventType "swiss"]
[EventRounds "9"]
[EventCountry "ESP"]
[Source "lmi"]
[SourceDate "2008.03.16"]

1. d4 g6 2. e4 Bg7 3. Nc3 d6 4. Nge2 Nc6 5. f3 e5 6. Be3 f5 7. d5 Nce7 8. Qd2
f4 9. Bf2 Nh6 10. h4 Nf7 11. O-O-O O-O 12. Kb1 b5 13. Nxb5 Bd7 14. Nbc3 Nc8 15.
Ka1 Nb6 16. Nc1 Qe7 17. Bb5 Rfb8 18. Bxd7 Qxd7 19. Nb3 a5 20. Bxb6 Rxb6 21. Rb1
a4 22. Nc1 Nd8 23. b3 axb3 24. cxb3 Nb7 25. Kb2 Na5 26. Kc2 Rab8 27. Nd3 c5 28.
Nb2 Bf6 29. Nc4 Ra6 30. Nxa5 Rxa5 31. a4 Bd8 32. Rb2 Ra6 33. Qe2 Rab6 34. Nb5
R6b7 35. Qc4 Be7 36. Rbb1 Qd8 37. Qc3 Rb6 38. h5 g5 39. Qc4 Kg7 40. h6+ Kg8 41.
Rbc1 R8b7 42. Kd1 Qa8 43. Ke2 Kf7 44. Kf2 Kg6 45. Qf1 Rxb5 46. axb5 Qa2+ 47.
Qe2 Qxb3 48. Rb1 Qc4 49. Rhc1 Qd4+ 50. Kf1 Qa4 51. Rc4 Qa7 52. Rc2 g4 53. Ra2
Qb8 54. Ra6 g3 55. Ke1 Rb6 56. Rxb6 Qxb6 57. Qc4 Qa5+ 58. Ke2 Bd8 59. Kd1 Bb6
60. Kc2 Kxh6 61. Qc3 Qa2+ 62. Rb2 Qa4+ 63. Kb1 Qd1+ 64. Qc1 Qd3+ 65. Qc2 Qa3
66. Qb3 Qa5 67. Qd1 Qc3 68. Qa4 Qe1+ 69. Ka2 Qc3 70. Qc2 Qa5+ 71. Kb1 Qe1+ 72.
Qc1 Qa5 73. Kc2 c4 74. Kb1 c3 75. Rb3 Bd4 76. Qa3 Qc7 77. Kc2 Qc4 78. Rxc3 Qe2+
79. Kb1 Bxc3 80. Qxd6+ Kh5 81. Qa3 Qxb5+ 82. Kc2 Bd4 83. Qf8 Qc5+ 84. Qxc5 Bxc5
85. Kb3 Kg5 86. Kc4 Ba3 0-1

[Event "31. Open de San Sebastian"]
[Site "San Sebastián ESP"]
[Date "2008.03.21"]
[Round "7.19"]
[White "Iglesias Gonzalez, Veronica"]
[Black "Hargues, Franck"]
[Result "0-1"]
[WhiteElo "1784"]
[BlackElo "2046"]
[PlyCount "54"]
[EventDate "2008.03.16"]
[EventType "swiss"]
[EventRounds "9"]
[EventCountry "ESP"]
[Source "lmi"]
[SourceDate "2008.03.16"]

1. e4 d5 2. exd5 Nf6 3. c4 e6 4. dxe6 Bxe6 5. d4 Bb4+ 6. Bd2 Bxd2+ 7. Qxd2 Qe7
8. Qe2 Nc6 9. Nf3 O-O-O 10. d5 Nb4 11. a3 Nd3+ 12. Qxd3 Bxd5+ 13. Qe3 Bxf3 14.
gxf3 Qd7 15. Nc3 Rhe8 16. Ne4 Nxe4 17. fxe4 Rxe4 18. Be2 Rxe3 19. fxe3 Qd2+ 20.
Kf2 Rd6 21. Rhd1 Rf6+ 22. Kg3 Qxe3+ 23. Kh4 Rh6+ 24. Kg4 Rg6+ 25. Kh4 Qg5+ 26.
Kh3 Rh6+ 27. Bh5 Rxh5# 0-1

[Event "31. Open de San Sebastian"]
[Site "San Sebastián ESP"]
[Date "2008.03.22"]
[Round "8.1"]
[White "Salgado Lopez, Ivan"]
[Black "Andres Gonzalez, Alberto"]
[Result "1/2-1/2"]
[WhiteElo "2459"]
[BlackElo "2436"]
[PlyCount "121"]
[EventDate "2008.03.16"]
[EventType "swiss"]
[EventRounds "9"]
[EventCountry "ESP"]
[Source "lmi"]
[SourceDate "2008.03.16"]

1. e4 e6 2. d4 d5 3. Nd2 dxe4 4. Nxe4 Nd7 5. Bd3 Ngf6 6. Qe2 c5 7. Nxf6+ Nxf6
8. dxc5 Bxc5 9. Bg5 Qa5+ 10. Bd2 Qb6 11. O-O-O O-O 12. f4 Bd7 13. Nf3 Bc6 14.
Ne5 Rfd8 15. Rhf1 Bd4 16. c3 Rac8 17. Nxc6 Rxc6 18. Rf3 Bc5 19. Rh3 g6 20. g4
Rcd6 21. f5 exf5 22. gxf5 Re8 23. Qg2 Be3 24. Bxe3 Rxe3 25. fxg6 hxg6 26. Bxg6
Rxd1+ 27. Kxd1 Rxh3 28. Bf5+ Kf8 29. Bxh3 Qa6 30. Bf5 Qb5 31. Qf2 Qd5+ 32. Kc1
Qxa2 33. Qc5+ Kg7 34. Qb5 b6 35. h3 Ng8 36. c4 a6 37. Qe5+ Kf8 38. Qd6+ Kg7 39.
Qd4+ Kf8 40. Be4 Qa5 41. Bd5 Ne7 42. Qh8+ Ng8 43. Qh5 Qe1+ 44. Kc2 Qf2+ 45. Kb3
Qe3+ 46. Ka2 Qf4 47. Qf3 Qc7 48. Qa3+ Ne7 49. Qxa6 Kg7 50. Qa4 f5 51. Qd1 Qc5
52. Qd3 b5 53. Qg3+ Kf6 54. Qh4+ Kg6 55. Qg3+ Kf6 56. Qc3+ Kg5 57. Qg7+ Kh4 58.
Qh6+ Kg3 59. Qg5+ Kxh3 60. Bg2+ Kh2 61. Bf1 1/2-1/2

[Event "31. Open de San Sebastian"]
[Site "San Sebastián ESP"]
[Date "2008.03.22"]
[Round "8.2"]
[White "Spraggett, Kevin"]
[Black "Cifuentes Parada, Roberto"]
[Result "1/2-1/2"]
[WhiteElo "2588"]
[BlackElo "2520"]
[PlyCount "79"]
[EventDate "2008.03.16"]
[EventType "swiss"]
[EventRounds "9"]
[EventCountry "ESP"]
[Source "lmi"]
[SourceDate "2008.03.16"]

1. e4 e5 2. Nf3 d6 3. d4 Nf6 4. Nc3 Nbd7 5. Bc4 Be7 6. O-O O-O 7. Re1 c6 8. a4
a5 9. b3 exd4 10. Nxd4 Nb6 11. Bf1 d5 12. e5 Ne4 13. Nxe4 dxe4 14. Bb2 f5 15.
exf6 Bxf6 16. c3 Re8 17. Qc2 Bxd4 18. Rad1 Bxf2+ 19. Qxf2 Qc7 20. Ba3 Nd5 21.
Rxe4 Bd7 22. Rde1 Rxe4 23. Rxe4 Qb6 24. Qxb6 Nxb6 25. Re5 Nd5 26. c4 Nf6 27. h3
Re8 28. Rxe8+ Bxe8 29. Bd3 Bh5 30. g4 Bg6 31. Bxg6 hxg6 32. Kf2 Kf7 33. Ke3 Ke6
34. Bf8 Nd7 35. Ba3 g5 36. Kd4 Ne5 37. Bc1 b6 38. Be3 c5+ 39. Ke4 Nf7 40. Bf2
1/2-1/2

[Event "31. Open de San Sebastian"]
[Site "San Sebastián ESP"]
[Date "2008.03.22"]
[Round "8.3"]
[White "Mateo, Ramon"]
[Black "San Segundo Carrillo, Pablo"]
[Result "0-1"]
[WhiteElo "2484"]
[BlackElo "2542"]
[PlyCount "62"]
[EventDate "2008.03.16"]
[EventType "swiss"]
[EventRounds "9"]
[EventCountry "ESP"]
[Source "lmi"]
[SourceDate "2008.03.16"]

1. e4 c6 2. d4 d5 3. exd5 cxd5 4. c4 Nf6 5. Nc3 e6 6. Bf4 Bb4 7. Bd3 dxc4 8.
Bxc4 O-O 9. Nge2 a6 10. a3 Be7 11. Qd3 b5 12. Qf3 Ra7 13. Bd3 Rd7 14. Rd1 Bb7
15. Qh3 Nc6 16. O-O g6 17. Be5 Nxe5 18. dxe5 Nd5 19. Nxd5 Bxd5 20. Nd4 Bc4 21.
Qf3 Bb3 22. Rc1 Bg5 23. Be4 Rxd4 24. Rfe1 Bd5 25. g3 Bxe4 26. Rxe4 Qa8 27. Rce1
Rc8 28. h4 Rcc4 29. hxg5 Rxe4 30. Qg2 Qc6 31. Rd1 Rxe5 0-1

[Event "31. Open de San Sebastian"]
[Site "San Sebastián ESP"]
[Date "2008.03.22"]
[Round "8.4"]
[White "Huesmann, Thomas"]
[Black "Lopez Martinez, Josep Manuel"]
[Result "0-1"]
[WhiteElo "2247"]
[BlackElo "2550"]
[PlyCount "76"]
[EventDate "2008.03.16"]
[EventType "swiss"]
[EventRounds "9"]
[EventCountry "ESP"]
[Source "lmi"]
[SourceDate "2008.03.16"]

1. e4 e6 2. d4 d5 3. Nc3 Bb4 4. a3 Bxc3+ 5. bxc3 dxe4 6. Qg4 Nf6 7. Qxg7 Rg8 8.
Qh6 Nbd7 9. a4 b6 10. Bg5 Bb7 11. Qh4 Qe7 12. a5 O-O-O 13. axb6 axb6 14. Nh3 h6
15. Qxh6 Rh8 16. Bxf6 Nxf6 17. Qc1 e5 18. Qa3 Qxa3 19. Rxa3 exd4 20. cxd4 Rxd4
21. Ba6 Bxa6 22. Rxa6 Kb7 23. Ra2 Nd5 24. O-O Rd2 25. Rfa1 Nc3 26. Ra7+ Kc6 27.
Ng5 e3 28. fxe3 Rg8 29. h4 f6 30. Rf1 fxg5 31. Rf6+ Rd6 32. Rf7 Nb5 33. Ra4
gxh4 34. Rxh4 Rd1+ 35. Rf1 Rxf1+ 36. Kxf1 Nd6 37. Rf4 Rg5 38. g4 Rc5 0-1

[Event "31. Open de San Sebastian"]
[Site "San Sebastián ESP"]
[Date "2008.03.22"]
[Round "8.5"]
[White "Narciso Dublan, Marc"]
[Black "Rubio Mejia, Luis Ignacio"]
[Result "1-0"]
[WhiteElo "2513"]
[BlackElo "2373"]
[PlyCount "95"]
[EventDate "2008.03.16"]
[EventType "swiss"]
[EventRounds "9"]
[EventCountry "ESP"]
[Source "lmi"]
[SourceDate "2008.03.16"]

1. e4 c5 2. c3 Nf6 3. e5 Nd5 4. Nf3 d6 5. exd6 e6 6. d4 Bxd6 7. Bc4 O-O 8. O-O
cxd4 9. cxd4 b6 10. Bg5 Qc7 11. Bxd5 exd5 12. Nc3 Be6 13. Bh4 Nc6 14. Bg3 Bxg3
15. hxg3 Bg4 16. Qd3 Bxf3 17. gxf3 Qd6 18. Rad1 Rfe8 19. Kg2 Rad8 20. Rh1 Qg6
21. Qb5 Ne7 22. Rhe1 Qc6 23. Qb3 f6 24. Nb5 a6 25. Nc3 Kf8 26. Qa3 b5 27. Rd2
Kf7 28. Rc1 Qd6 29. Qb3 Nf5 30. Ne4 Qe7 31. Rc5 Qe6 32. Nc3 Ne7 33. Re2 Qd6 34.
a4 bxa4 35. Qxa4 h5 36. Ra5 Ra8 37. Qa2 Red8 38. Ne4 Qc6 39. Rc5 Qd7 40. Rec2
h4 41. Rc7 Qe6 42. Re2 h3+ 43. Kh2 dxe4 44. Qxe6+ Kxe6 45. Rxe4+ Kf5 46. Rcxe7
g6 47. Rf7 Rd6 48. Re5# 1-0

[Event "31. Open de San Sebastian"]
[Site "San Sebastián ESP"]
[Date "2008.03.22"]
[Round "8.6"]
[White "Krulich, Roman"]
[Black "Lafuente, Pablo"]
[Result "0-1"]
[WhiteElo "2240"]
[BlackElo "2489"]
[PlyCount "54"]
[EventDate "2008.03.16"]
[EventType "swiss"]
[EventRounds "9"]
[EventCountry "ESP"]
[Source "lmi"]
[SourceDate "2008.03.16"]

1. e4 c6 2. d4 d5 3. exd5 cxd5 4. c4 Nf6 5. Nc3 e6 6. c5 Nc6 7. Nf3 Ne4 8. Qc2
Nxc3 9. Qxc3 a5 10. a3 Be7 11. Rb1 O-O 12. Bd3 Bf6 13. O-O a4 14. Bc2 b6 15. b4
axb3 16. Rxb3 bxc5 17. Qxc5 Ba6 18. Bd3 Na5 19. Rb5 Bxb5 20. Bxb5 Nb3 21. Qc3
Nxc1 22. Rxc1 Rc8 23. Qb2 Rxc1+ 24. Qxc1 Qb6 25. Qb2 Rb8 26. a4 Qa5 27. Qc2
Rxb5 0-1

[Event "31. Open de San Sebastian"]
[Site "San Sebastián ESP"]
[Date "2008.03.22"]
[Round "8.7"]
[White "Del Rio De Angelis, Salvador G"]
[Black "Hallerod, Ralph"]
[Result "1-0"]
[WhiteElo "2487"]
[BlackElo "2131"]
[PlyCount "103"]
[EventDate "2008.03.16"]
[EventType "swiss"]
[EventRounds "9"]
[EventCountry "ESP"]
[Source "lmi"]
[SourceDate "2008.03.16"]

1. d4 Nf6 2. c4 g6 3. Nc3 Bg7 4. e4 d6 5. Nf3 O-O 6. Be2 e5 7. d5 Nbd7 8. O-O
Nc5 9. Qc2 a5 10. Bg5 h6 11. Be3 Ne8 12. g3 Bh3 13. Rfe1 b6 14. Nh4 Kh7 15. b3
f5 16. exf5 Bxf5 17. Nxf5 gxf5 18. Rad1 Kh8 19. f4 Nd7 20. Nb5 Nc5 21. Bf1 Ne4
22. Bh3 Qf6 23. Bc1 Qg6 24. Bg2 Nc5 25. Kh1 Rf7 26. Rf1 e4 27. Rg1 Nf6 28. Bf1
Re8 29. Re1 Rfe7 30. Be3 Ng4 31. h3 Nxe3 32. Rxe3 h5 33. Be2 Bf6 34. Qd1 Rh7
35. a3 a4 36. bxa4 Nb3 37. Rg2 Qh6 38. Rf2 Rg8 39. Bf1 Rhg7 40. Kh2 h4 41. g4
Be5 42. Rxe4 fxe4 43. fxe5 Qe3 44. Rf5 Qg3+ 45. Kh1 dxe5 46. d6 Rd7 47. Qd5
cxd6 48. Qe6 Rh7 49. Qf6+ Rgg7 50. Nxd6 Qf3+ 51. Rxf3 exf3 52. Bd3 1-0

[Event "31. Open de San Sebastian"]
[Site "San Sebastián ESP"]
[Date "2008.03.22"]
[Round "8.8"]
[White "Alonso Arburu, Juan Ignacio"]
[Black "Simutowe, Amon"]
[Result "1-0"]
[WhiteElo "2368"]
[BlackElo "2457"]
[PlyCount "83"]
[EventDate "2008.03.16"]
[EventType "swiss"]
[EventRounds "9"]
[EventCountry "ESP"]
[Source "lmi"]
[SourceDate "2008.03.16"]

1. d4 Nf6 2. c4 e6 3. Nc3 Bb4 4. Qc2 O-O 5. a3 Bxc3+ 6. Qxc3 Ne4 7. Qc2 f5 8.
Nh3 Nc6 9. e3 d6 10. b4 Qh4 11. g3 Qh6 12. f3 Nf6 13. Qc3 Qh5 14. Bg2 e5 15. b5
exd4 16. exd4 Re8+ 17. Kf2 Ne7 18. Re1 Bd7 19. a4 a6 20. Nf4 Qf7 21. Bb2 axb5
22. axb5 d5 23. Bf1 Rxa1 24. Rxa1 g5 25. Nd3 Ne4+ 26. fxe4 fxe4+ 27. Kg1 exd3
28. Bxd3 Bh3 29. Bf1 Bg4 30. Bg2 Be2 31. Re1 Bxc4 32. Qe3 Bxb5 33. Qxg5+ Ng6
34. Rxe8+ Qxe8 35. Bxd5+ Kg7 36. Be6 h6 37. Qf5 Kh7 38. h4 Be2 39. d5 h5 40.
Bf7 Qe3+ 41. Kh2 Qb6 42. Bf6 1-0

[Event "31. Open de San Sebastian"]
[Site "San Sebastián ESP"]
[Date "2008.03.22"]
[Round "8.9"]
[White "Alsina Leal, Daniel"]
[Black "Martin Alvarez, Inigo"]
[Result "1-0"]
[WhiteElo "2455"]
[BlackElo "2189"]
[PlyCount "121"]
[EventDate "2008.03.16"]
[EventType "swiss"]
[EventRounds "9"]
[EventCountry "ESP"]
[Source "lmi"]
[SourceDate "2008.03.16"]

1. e4 c5 2. Nf3 Nc6 3. d4 cxd4 4. Nxd4 e5 5. Nb5 a6 6. Nd6+ Bxd6 7. Qxd6 Qf6 8.
Qxf6 Nxf6 9. Nc3 Nb4 10. Kd2 d5 11. a3 d4 12. axb4 dxc3+ 13. Ke3 cxb2 14. Bxb2
Be6 15. Be2 Nd7 16. c4 f6 17. Rhd1 Kf7 18. Rd6 Rac8 19. Rad1 Nb8 20. Rb6 Rc7
21. g3 Nd7 22. Rbd6 Nb8 23. c5 a5 24. bxa5 Rxc5 25. Rb6 Bc8 26. Rb5 Rxb5 27.
Bxb5 Be6 28. f4 Rc8 29. f5 Bb3 30. Rd3 Bc2 31. Rd6 Rc7 32. g4 Ke7 33. Re6+ Kf7
34. Be8+ Kg8 35. Bh5 Ba4 36. Rd6 Nd7 37. g5 Rc5 38. Be8 Rc2 39. Bxd7 Bxd7 40.
Bxe5 fxe5 41. Rxd7 Rc3+ 42. Kf2 Rc2+ 43. Ke3 Rxh2 44. Rxb7 Rh3+ 45. Kf2 Ra3 46.
Rb5 h5 47. g6 Kf8 48. Rxe5 h4 49. Kg2 Re3 50. a6 Ra3 51. Re6 h3+ 52. Kh2 Rf3
53. a7 Ra3 54. a8=Q+ Rxa8 55. Kxh3 Ra4 56. Kg4 Ra1 57. Kf4 Rb1 58. Ra6 Rb8 59.
e5 Re8 60. f6 Rb8 61. Ra7 1-0

[Event "31. Open de San Sebastian"]
[Site "San Sebastián ESP"]
[Date "2008.03.22"]
[Round "8.10"]
[White "Lakunza Plazaola, Asier"]
[Black "Huerga Leache, Mikel"]
[Result "0-1"]
[WhiteElo "2018"]
[BlackElo "2440"]
[PlyCount "78"]
[EventDate "2008.03.16"]
[EventType "swiss"]
[EventRounds "9"]
[EventCountry "ESP"]
[Source "lmi"]
[SourceDate "2008.03.16"]

1. e4 c5 2. Nf3 Nc6 3. Bb5 g6 4. O-O Bg7 5. c3 Nf6 6. Re1 O-O 7. d4 cxd4 8.
cxd4 d5 9. e5 Ne8 10. Nc3 Bg4 11. Bxc6 bxc6 12. Na4 f6 13. e6 Bxf3 14. Qxf3 Qa5
15. Nc3 Rb8 16. Rb1 f5 17. Bg5 Rb7 18. Red1 Nd6 19. Qe3 f4 20. Qd2 f3 21. g4
Qd8 22. Re1 Nc4 23. Qd1 Qb6 24. b3 Nd6 25. Be3 Qd8 26. Na4 Ne4 27. Nc5 Nxc5 28.
dxc5 Rb4 29. h3 h5 30. a3 Re4 31. Bg5 Rd4 32. Qc2 Qe8 33. gxh5 Rf5 34. h4 Rg4+
35. Kf1 Qb8 36. Re3 Qh2 37. Ke1 Qg1+ 38. Kd2 Qxf2+ 39. Kd3 Rd4+ 0-1

[Event "31. Open de San Sebastian"]
[Site "San Sebastián ESP"]
[Date "2008.03.22"]
[Round "8.11"]
[White "Bellia, Fabrizio"]
[Black "Andres Gonzalez, Ivan"]
[Result "1-0"]
[WhiteElo "2405"]
[BlackElo "2375"]
[PlyCount "91"]
[EventDate "2008.03.16"]
[EventType "swiss"]
[EventRounds "9"]
[EventCountry "ESP"]
[Source "lmi"]
[SourceDate "2008.03.16"]

1. e4 c5 2. Nf3 Nc6 3. d4 cxd4 4. Nxd4 Nf6 5. Nc3 d6 6. Bc4 e6 7. Be3 Be7 8.
Qe2 a6 9. O-O-O Qc7 10. Bb3 Bd7 11. Rhe1 b5 12. f3 Na5 13. Kb1 Nc4 14. g4 Nxe3
15. Qxe3 b4 16. Nce2 a5 17. Qd3 a4 18. Bc4 O-O 19. g5 Nh5 20. h4 Rfc8 21. b3
axb3 22. Bxb3 Ba4 23. f4 Qa5 24. Rd2 Bf8 25. Qf3 g6 26. f5 Bxb3 27. cxb3 exf5
28. exf5 Qe5 29. Rf1 Bg7 30. f6 Bf8 31. Nc6 Qe8 32. Rc2 d5 33. Qxd5 h6 34. Rfc1
Kh7 35. Ned4 Nf4 36. Qf3 Ne6 37. Qd5 Nf4 38. Qf3 Ne6 39. Nxe6 Qxe6 40. Rc4 h5
41. Qe4 Qh3 42. Qd5 Kg8 43. Ne5 Qf5+ 44. Kb2 Qf2+ 45. R1c2 Qa7 46. Rxc8 1-0

[Event "31. Open de San Sebastian"]
[Site "San Sebastián ESP"]
[Date "2008.03.22"]
[Round "8.12"]
[White "Hargues, Franck"]
[Black "Recuero Guerra, David"]
[Result "0-1"]
[WhiteElo "2046"]
[BlackElo "2424"]
[PlyCount "88"]
[EventDate "2008.03.16"]
[EventType "swiss"]
[EventRounds "9"]
[EventCountry "ESP"]
[Source "lmi"]
[SourceDate "2008.03.16"]

1. e4 c5 2. Nf3 Nc6 3. d4 cxd4 4. Nxd4 Nf6 5. Nc3 d6 6. Bg5 e6 7. Qd2 Be7 8.
O-O-O O-O 9. f4 Nxd4 10. Qxd4 Qa5 11. Kb1 h6 12. Bh4 e5 13. Qd2 Nxe4 14. Nxe4
Qxd2 15. Rxd2 Bxh4 16. Nxd6 exf4 17. Nxc8 Raxc8 18. Be2 Rcd8 19. Rhd1 Rxd2 20.
Rxd2 Re8 21. Bf3 Re1+ 22. Rd1 Rxd1+ 23. Bxd1 Kf8 24. c4 Bf2 25. Kc2 Ke7 26. Kd3
f5 27. b4 b6 28. Bf3 Kf6 29. Ke2 Bd4 30. Kd3 Bg1 31. h3 Kg5 32. a4 Kh4 33. c5
bxc5 34. b5 c4+ 35. Kxc4 g5 36. Kd3 g4 37. Bd5 Kg3 38. Ke2 Bb6 39. Bc6 f3+ 40.
Kf1 fxg2+ 41. Bxg2 h5 42. hxg4 fxg4 43. a5 Bc5 44. Bd5 Kh2 0-1

[Event "31. Open de San Sebastian"]
[Site "San Sebastián ESP"]
[Date "2008.03.22"]
[Round "8.15"]
[White "Martinez Pelaez, David"]
[Black "Argandona Riveiro, Inigo"]
[Result "0-1"]
[WhiteElo "1970"]
[BlackElo "2404"]
[PlyCount "72"]
[EventDate "2008.03.16"]
[EventType "swiss"]
[EventRounds "9"]
[EventCountry "ESP"]
[Source "lmi"]
[SourceDate "2008.03.16"]

1. d4 g6 2. e4 Bg7 3. Nc3 d6 4. Be3 Nc6 5. Qd2 e5 6. Nge2 f5 7. f3 Nf6 8. O-O-O
O-O 9. exf5 gxf5 10. dxe5 dxe5 11. Qxd8 Rxd8 12. Rxd8+ Nxd8 13. Nb5 Nd5 14. Bf2
a6 15. Nec3 Nxc3 16. Nxc3 Be6 17. Be2 Nc6 18. Rd1 Nd4 19. Bf1 Rd8 20. Ne2 c5
21. Nxd4 cxd4 22. Bd3 Kf7 23. h3 h5 24. Rg1 Rg8 25. Kb1 Bh6 26. b3 Bf4 27. g3
Be3 28. Bxe3 dxe3 29. c4 Ke7 30. Kc2 e4 31. fxe4 f4 32. Be2 Bxh3 33. Bxh5 Rxg3
34. Re1 f3 35. Bxf3 Rxf3 36. Kd3 Bf1+ 0-1

[Event "31. Open de San Sebastian"]
[Site "San Sebastián ESP"]
[Date "2008.03.22"]
[Round "8.16"]
[White "Hernandez, Elvis"]
[Black "Jimenez Crespo, Inigo"]
[Result "1-0"]
[WhiteElo "2322"]
[BlackElo "1955"]
[PlyCount "67"]
[EventDate "2008.03.16"]
[EventType "swiss"]
[EventRounds "9"]
[EventCountry "ESP"]
[Source "lmi"]
[SourceDate "2008.03.16"]

1. e4 c5 2. Nf3 e6 3. d4 cxd4 4. Nxd4 Nf6 5. Nc3 d6 6. Be3 a6 7. f3 b5 8. Qd2
Nbd7 9. g4 h6 10. a3 Bb7 11. O-O-O Nb6 12. h4 d5 13. Qf2 Nfd7 14. exd5 Nxd5 15.
Nxd5 Bxd5 16. Rg1 Qc7 17. f4 b4 18. axb4 Bxb4 19. Bg2 Nf6 20. Bxd5 Nxd5 21. f5
Rc8 22. g5 Nxe3 23. Qxe3 hxg5 24. fxe6 O-O 25. Rxg5 fxe6 26. Qxe6+ Qf7 27. Rdg1
Kh8 28. Qxf7 Rxf7 29. Nf5 Rcf8 30. Rh5+ Kg8 31. Nh6+ Kh7 32. Nxf7+ Kg8 33. Nh6+
Kh7 34. Nf5+ 1-0

[Event "31. Open de San Sebastian"]
[Site "San Sebastián ESP"]
[Date "2008.03.22"]
[Round "8.17"]
[White "Garro Beraza, Haritz"]
[Black "Garcia Blanco, Omar"]
[Result "0-1"]
[WhiteElo "1944"]
[BlackElo "2139"]
[PlyCount "60"]
[EventDate "2008.03.16"]
[EventType "swiss"]
[EventRounds "9"]
[EventCountry "ESP"]
[Source "lmi"]
[SourceDate "2008.03.16"]

1. e4 c5 2. Nf3 Nc6 3. d3 g6 4. g3 Bg7 5. Bg2 d6 6. O-O e5 7. c3 Nge7 8. a3 O-O
9. b4 b6 10. Bb2 Rb8 11. Nbd2 h6 12. b5 Na5 13. d4 Qe8 14. dxe5 Qxb5 15. Qc2
Qd7 16. c4 Nec6 17. exd6 Qxd6 18. Bxg7 Kxg7 19. Qc3+ f6 20. Rfe1 Re8 21. Bf1
Bb7 22. Rad1 Qe6 23. Bd3 Rbd8 24. e5 f5 25. Bf1 Ba6 26. Re3 Nd4 27. Rd3 Bb7 28.
Re1 Qd7 29. Ree3 Re6 30. Bg2 Ne2+ 0-1

[Event "31. Open de San Sebastian"]
[Site "San Sebastián ESP"]
[Date "2008.03.22"]
[Round "8.18"]
[White "Alvarez Ponga, Hugo"]
[Black "Fuente San Sebastian, Ernesto"]
[Result "0-1"]
[WhiteElo "2097"]
[BlackElo "1940"]
[PlyCount "49"]
[EventDate "2008.03.16"]
[EventType "swiss"]
[EventRounds "9"]
[EventCountry "ESP"]
[Source "lmi"]
[SourceDate "2008.03.16"]

1. d4 Nf6 2. c4 e5 3. dxe5 Ng4 4. Nf3 Bc5 5. e3 Nc6 6. a3 a5 7. b3 Ngxe5 8. Bb2
Qf6 9. Ra2 Nxf3+ 10. gxf3 Qh6 11. Nc3 O-O 12. Nd5 Ne7 13. f4 Ra6 14. Bd3 b5 15.
Rg1 Ng6 16. Rg5 Qxh2 17. Qe2 f6 18. Rh5 Qg1+ 19. Kd2 d6 20. f3 c6 21. Ra1 Qg3
22. cxb5 cxd5 23. bxa6 Re8 24. Bxg6 Qxg6 25. Rxd5 0-1

[Event "31. Open de San Sebastian"]
[Site "San Sebastián ESP"]
[Date "2008.03.22"]
[Round "8.19"]
[White "Ladron De Guevara Galar, Fco J"]
[Black "Larranaga Aldalur, Jose Joaquin"]
[Result "1-0"]
[WhiteElo "2084"]
[BlackElo "1931"]
[PlyCount "69"]
[EventDate "2008.03.16"]
[EventType "swiss"]
[EventRounds "9"]
[EventCountry "ESP"]
[Source "lmi"]
[SourceDate "2008.03.16"]

1. d4 Nf6 2. Nf3 d5 3. c4 c6 4. Nc3 a6 5. e3 Bf5 6. Bd2 e6 7. Nh4 Bg4 8. f3 Bh5
9. g3 Bd6 10. Be2 b5 11. b3 Nbd7 12. e4 b4 13. Na4 dxe4 14. fxe4 Nxe4 15. Bxh5
O-O 16. Ng2 e5 17. Be3 exd4 18. Bxd4 c5 19. Bb2 Bxg3+ 20. hxg3 Nxg3 21. Qg4
Re8+ 22. Kf2 Nxh1+ 23. Rxh1 Ne5 24. Bxe5 Rxe5 25. Qf4 Qe7 26. Re1 Rxe1 27. Nxe1
Re8 28. Nd3 g5 29. Qf3 Qd7 30. Naxc5 Qd4+ 31. Kg2 Re7 32. Qd5 Qe3 33. Nf2 Kg7
34. Nce4 f6 35. Ng3 1-0

[Event "31. Open de San Sebastian"]
[Site "San Sebastián ESP"]
[Date "2008.03.22"]
[Round "8.36"]
[White "Tung, Kai Ming"]
[Black "Lazkano Gaite, Tomas"]
[Result "1-0"]
[WhiteElo "1966"]
[BlackElo "1791"]
[PlyCount "61"]
[EventDate "2008.03.16"]
[EventType "swiss"]
[EventRounds "9"]
[EventCountry "ESP"]
[Source "lmi"]
[SourceDate "2008.03.16"]

1. e4 c5 2. Nf3 d6 3. d4 cxd4 4. Nxd4 Nf6 5. Nc3 a6 6. Bg5 e6 7. f4 Be7 8. Qf3
Qc7 9. Be2 b5 10. e5 Bb7 11. Qg3 dxe5 12. fxe5 Ne4 13. Nxe4 Bxe4 14. Bxe7 Qxe7
15. Qxg7 Rf8 16. O-O-O Nd7 17. Nxb5 axb5 18. Bxb5 Rxa2 19. Bxd7+ Qxd7 20. Rxd7
Ra1+ 21. Kd2 Rxh1 22. Rd8+ Kxd8 23. Qxf8+ Kc7 24. Qxf7+ Kc8 25. Qf8+ Kd7 26.
Qd6+ Ke8 27. Qxe6+ Kf8 28. Qf6+ Kg8 29. e6 Rxh2 30. Qg5+ Bg6 31. e7 1-0

[Event "31. Open de San Sebastian"]
[Site "San Sebastián ESP"]
[Date "2008.03.22"]
[Round "8.40"]
[White "Cejudo Urdampilleta, Juan Pablo"]
[Black "Rodriguez Cabrera, Fco  Javier"]
[Result "0-1"]
[WhiteElo "1746"]
[BlackElo "1879"]
[PlyCount "37"]
[EventDate "2008.03.16"]
[EventType "swiss"]
[EventRounds "9"]
[EventCountry "ESP"]
[Source "lmi"]
[SourceDate "2008.03.16"]

1. d4 Nf6 2. Bg5 g6 3. Bxf6 exf6 4. e4 Bg7 5. Bd3 O-O 6. Nf3 c5 7. c3 d5 8. O-O
dxe4 9. Bxe4 f5 10. Bc2 Qb6 11. b3 cxd4 12. cxd4 Rd8 13. Na3 Nc6 14. Nc4 Qc7
15. Qe2 Nxd4 16. Nxd4 Bxd4 17. Rad1 b5 18. Nd2 Qxc2 19. Qxb5 0-1

[Event "31. Open de San Sebastian"]
[Site "San Sebastián ESP"]
[Date "2008.03.22"]
[Round "8.46"]
[White "Kuende Gorostidi, Jon"]
[Black "Alberdi Jarit, Gaizka"]
[Result "1/2-1/2"]
[WhiteElo "1828"]
[BlackElo "1630"]
[PlyCount "47"]
[EventDate "2008.03.16"]
[EventType "swiss"]
[EventRounds "9"]
[EventCountry "ESP"]
[Source "lmi"]
[SourceDate "2008.03.16"]

1. e4 e5 2. Nf3 d6 3. Bc4 Be6 4. Bxe6 fxe6 5. d4 exd4 6. Nxd4 e5 7. Ne6 Qe7 8.
Nxf8 Qxf8 9. Nc3 Nf6 10. Bg5 Qf7 11. Bxf6 gxf6 12. Qg4 Qd7 13. Qh5+ Qf7 14.
Qxf7+ Kxf7 15. Nd5 Na6 16. O-O-O Rac8 17. Rhf1 Nc5 18. f3 h5 19. b4 Ne6 20. g3
c6 21. Ne3 Rhd8 22. f4 Nc7 23. Nf5 Ne8 24. Rd2 1/2-1/2